| 000 | 01142cam a2200337 a 4500 | ||
|---|---|---|---|
| 001 | 9059 | ||
| 003 | BD-RjUL | ||
| 005 | 20211208234716.0 | ||
| 008 | 140120s2007 ii a sb 001 0 eng d | ||
| 020 | _z9788122419788 | ||
| 020 | _a812241978X | ||
| 035 | _a(CaPaEBR)ebr10323366 | ||
| 035 | _a9104 | ||
| 040 |
_aCaPaEBR _cCaPaEBR _beng _dBD-RjUL |
||
| 041 | _aeng | ||
| 082 |
_a536.7 _bPRC 2007 |
||
| 100 | 1 |
_aPrasad, Krishna Kant. _928124 |
|
| 245 | 1 | 0 |
_aChemical and metallurgical thermodynamics / _cKrishna Kant Prasad, Hem Shanker Ray, K.P. Abraham. |
| 260 |
_aNew Delhi : _bNew Age International (P) Ltd., Publishers, _c2007. |
||
| 300 |
_axiii, 96 p. : _bill. ; _c26 cm. |
||
| 504 | _aIncludes bibliographical references (p. [91]-94) and index. | ||
| 650 | 0 |
_aMetallurgy. _928125 |
|
| 650 | 0 |
_aThermodynamics. _928126 |
|
| 655 | 7 |
_aElectronic books. _2local _9129485 |
|
| 700 | 1 |
_aRay, Hem Shanker. _928128 |
|
| 700 | 1 |
_aAbraham, K. P. _928129 |
|
| 710 | 2 |
_aebrary, Inc. _920060 |
|
| 856 | 4 | 0 |
_uhttp://www.columbia.edu/cgi-bin/cul/resolve?clio8752794 _zClick here for full text. |
| 942 |
_2ddc _cBK |
||
| 999 |
_c9059 _d9059 |
||